Normal view
MARC view
- رشوان، حسين عبد الحميد أحمد ؛ اشراف و مراجعة: عبد الهادي جوهري
Entry Personal Name
001 - CONTROL NUMBER
- control field: 52837
003 - CONTROL NUMBER IDENTIFIER
- control field: JO-AjAnu
005 - DATE AND TIME OF LATEST TRANSACTION
- control field: 20230606082701.0
008 - FIXED-LENGTH DATA ELEMENTS
- fixed length control field: 230606|| aca||aabn | a|a d
040 ## - CATALOGING SOURCE
- Original cataloging agency: JO-AjAnu
- Transcribing agency: JO-AjAnu
100 ## - HEADING--PERSONAL NAME
- Personal name: رشوان، حسين عبد الحميد أحمد ؛ اشراف و مراجعة: عبد الهادي جوهري
670 ## - SOURCE DATA FOUND
- Source citation: Work cat.: (JO-AjAnu)26997: رشوان، حسين عبد الحميد أحمد ؛ اشراف و مراجعة: عبد الهادي جوهري, author, دور المتغيرات الاجتماعية في التنمية الحضرية : دراسة في علم الاجتماع الحضري